<?xml version="1.0" encoding="UTF-8"?><?xml-stylesheet type="text/xsl" href="static/style.xsl"?><OAI-PMH xmlns="http://www.openarchives.org/OAI/2.0/" xmlns:xsi="http://www.w3.org/2001/XMLSchema-instance" xsi:schemaLocation="http://www.openarchives.org/OAI/2.0/ http://www.openarchives.org/OAI/2.0/OAI-PMH.xsd"><responseDate>2026-04-18T05:54:59Z</responseDate><request verb="GetRecord" identifier="oai:www.recercat.cat:10230/71382" metadataPrefix="marc">https://recercat.cat/oai/request</request><GetRecord><record><header><identifier>oai:recercat.cat:10230/71382</identifier><datestamp>2025-10-07T02:37:51Z</datestamp><setSpec>com_2072_6</setSpec><setSpec>col_2072_452952</setSpec></header><metadata><record xmlns="http://www.loc.gov/MARC21/slim" xmlns:dcterms="http://purl.org/dc/terms/" xmlns:xsi="http://www.w3.org/2001/XMLSchema-instance" xmlns:doc="http://www.lyncode.com/xoai" xsi:schemaLocation="http://www.loc.gov/MARC21/slim http://www.loc.gov/standards/marcxml/schema/MARC21slim.xsd">
   <leader>00925njm 22002777a 4500</leader>
   <datafield ind2=" " ind1=" " tag="042">
      <subfield code="a">dc</subfield>
   </datafield>
   <datafield ind2=" " ind1=" " tag="720">
      <subfield code="a">Luiz de Souza, Juliana Inez</subfield>
      <subfield code="e">author</subfield>
   </datafield>
   <datafield ind2=" " ind1=" " tag="720">
      <subfield code="a">Eduardo, Maria Cecilia</subfield>
      <subfield code="e">author</subfield>
   </datafield>
   <datafield ind2=" " ind1=" " tag="260">
      <subfield code="c">2025-10-06T06:22:42Z</subfield>
   </datafield>
   <datafield ind2=" " ind1=" " tag="260">
      <subfield code="c">2025-10-06T06:22:42Z</subfield>
   </datafield>
   <datafield ind2=" " ind1=" " tag="260">
      <subfield code="c">2022</subfield>
   </datafield>
   <datafield ind2=" " ind1=" " tag="520">
      <subfield code="a">A pesquisa analisa as disputas discursivas presentes na cobertura jornalística dos sites da Folha de S.Paulo e Gazeta do Povo sobre gênero e diversidade sexual nos planos de educação. A pergunta central é: como os enquadramentos nos sites dos jornais conotam o posicionamento destas instituições e as disputas discursivas a respeito das temáticas nos planos? Para respondê-la, fizemos a Análise de Conteúdo das produções, como base para a Análise de Enquadramento na perspectiva cultural, que denominamos de Análise das Disputas Discursivas. Os resultados forneceram uma amostra das disputas presentes na sociedade brasileira atual. Constatou-se que mesmo os conteúdos dos jornais expressando tensões entre a mobilização de discursos hegemônicos e novos enquadramentos de resistência, privilegiaram a visão contrária à inclusão das temáticas nos planos, destacando personagens, agentes e enquadres políticos ‘contrários’.</subfield>
   </datafield>
   <datafield ind1="8" ind2=" " tag="024">
      <subfield code="a">http://hdl.handle.net/10230/71382</subfield>
   </datafield>
   <datafield tag="653" ind2=" " ind1=" ">
      <subfield code="a">Disputa discursiva</subfield>
   </datafield>
   <datafield tag="653" ind2=" " ind1=" ">
      <subfield code="a">Gênero</subfield>
   </datafield>
   <datafield tag="653" ind2=" " ind1=" ">
      <subfield code="a">Diversidade sexual</subfield>
   </datafield>
   <datafield tag="653" ind2=" " ind1=" ">
      <subfield code="a">Educação</subfield>
   </datafield>
   <datafield tag="653" ind2=" " ind1=" ">
      <subfield code="a">Enquadramento</subfield>
   </datafield>
   <datafield ind2="0" ind1="0" tag="245">
      <subfield code="a">Disputas discursivas na mídia: a cobertura dos jornais Folha de S. Paulo e Gazeta do Povo sobre gênero e diversidade sexual nos planos de educação</subfield>
   </datafield>
</record></metadata></record></GetRecord></OAI-PMH>